000 00815cam a22002653a 4500
001 750
003 PGUSA
005 20140828082952.0
008 961201s1996||||xxu|||||s|||||000 | eng d
040 _aPGUSA
_beng
042 _adc
050 4 _aPQ
245 1 4 _aThe High History of the Holy Graal
_h[electronic resource]
260 _bProject Gutenberg,
_c1996
500 _aContinuation of Chretien DeTroyes' unfinished work "Perceval, or the Knight of the Grail"
506 _aPublic domain in the USA.
516 _aElectronic text
653 _aPerceval (Legendary character) -- Romances
653 _aArthurian romances
653 _aGrail -- Legends
700 1 _aEvans, Sebastian,
_d1830-1909
830 0 _aProject Gutenberg
_v750
856 4 0 _uhttp://www.gutenberg.org/ebooks/750
942 _cEB
999 _c230101
_d230101